|
|
|
|
| LEADER |
00000cam a2200000 7i4500 |
| 001 |
0000004180 |
| 002 |
000004496 |
| 005 |
20060208.0 |
| 020 |
|
|
|a 967610440X
|
| 090 |
0 |
0 |
|a 507
|b KEM
|
| 100 |
1 |
|
|a Walpole, Brenda
|
| 245 |
1 |
0 |
|a Udara
|c Brenda Walpole ; illustrasi oleh Kuo Kang Chen
|
| 260 |
|
|
|a Kuala Lumpur :
|b Utusan Publications & DistributorsSdn.Bhd. ,
|c 1994
|
| 300 |
|
|
|a 40p. :
|b ill. ;
|c 26cm.
|
| 490 |
0 |
|
|a Siri Kemahiran Sains
|
| 650 |
0 |
0 |
|a Air
|x Juvenile literature
|
| 700 |
1 |
|
|a Kuo Kang Chen ,
|e illustrasi
|
| 999 |
|
|
|a 037324
|b BUKU
|c JUNIOR BOOKS
|e PERPUSTAKAAN KOMUNITI CAW KOTA DAMANSARA
|